Getting together : (Record no. 20827)
[ view plain ]
| 000 -LEADER | |
|---|---|
| fixed length control field | 01977nam a2200253 4500 |
| 001 - CONTROL NUMBER | |
| control field | vtls002126460 |
| 003 - CONTROL NUMBER IDENTIFIER | |
| control field | MY-SjTCS |
| 005 - DATE AND TIME OF LATEST TRANSACTION | |
| control field | 20200306153449.0 |
| 008 - FIXED-LENGTH DATA ELEMENTS--GENERAL INFORMATION | |
| fixed length control field | 110218 00 eng |
| 020 ## - INTERNATIONAL STANDARD BOOK NUMBER | |
| International Standard Book Number | 0155295985 |
| 039 #9 - LEVEL OF BIBLIOGRAPHIC CONTROL AND CODING DETAIL [OBSOLETE] | |
| Level of rules in bibliographic description | 201102181259 |
| Level of effort used to assign nonsubject heading access points | VLOAD |
| Level of effort used to assign subject headings | 200811241755 |
| Level of effort used to assign classification | VLOAD |
| -- | 200407271925 |
| -- | VLOAD |
| 082 04 - DEWEY DECIMAL CLASSIFICATION NUMBER | |
| Classification number | 428.34 |
| Item number | STE |
| 100 1# - MAIN ENTRY--PERSONAL NAME | |
| Personal name | Stempleski, Susan. |
| 9 (RLIN) | 33218 |
| 245 10 - TITLE STATEMENT | |
| Title | Getting together : |
| Remainder of title | an ESL conversation book / |
| Statement of responsibility, etc. | Susan Stempleski, Alison Rice, Julia Falsetti |
| 260 ## - PUBLICATION, DISTRIBUTION, ETC. | |
| Place of publication, distribution, etc. | Orlando, Fla. : |
| Name of publisher, distributor, etc. | Harcourt Brace & Company, |
| Date of publication, distribution, etc. | c1986 |
| 300 ## - PHYSICAL DESCRIPTION | |
| Extent | xiv, 178 p. ; |
| Dimensions | 28 cm. |
| 505 0# - FORMATTED CONTENTS NOTE | |
| Formatted contents note | Preface. - 1. Getting Acquainted. - 2. House and Home. - 3. Talking About Yourself and Others. - 4. Looking into the Future. - 5. Sports and Entertainment . - 6. Getting from Here to There. - 7. Your Family and Mine. - 8. Health and Exercise. - Clothes and Shopping. - 10. Food and Drink. - 11. Cities and Cluture. - 12. Travel adn Vacations. - 13. Education and Careers. - 14. News and Events. - 15. Holidays and Celebrations. - Answer Kay. - Grammar Index. |
| 520 ## - SUMMARY, ETC. | |
| Summary, etc. | Getting Together provides lively and engaging task-based conversation activities for pairs and small groups of adults and young adults. Each unit offers a range of activities from easy to challenging. The activities in the book require little or no preparation by the instructor. Features : Fun topics ; Fifteen topical units, each with several language functions ; enjoyable, motivating activities : paired interviews, group decision tasks, conversational mixers, role paly, problem solving, word puzzles, "tell me" activities, brainteasers, personality quizzes, games. - Back cover. |
| 650 #0 - SUBJECT ADDED ENTRY--TOPICAL TERM | |
| Topical term or geographic name entry element | English language |
| Form subdivision | Conversation and phrase books |
| 9 (RLIN) | 11104 |
| 650 #0 - SUBJECT ADDED ENTRY--TOPICAL TERM | |
| Topical term or geographic name entry element | English language |
| Form subdivision | Textbooks for foreign speakers. |
| 9 (RLIN) | 10818 |
| 700 1# - ADDED ENTRY--PERSONAL NAME | |
| Personal name | Falsetti, Julia. |
| Relator term | (j.a) |
| 9 (RLIN) | 201068 |
| 700 1# - ADDED ENTRY--PERSONAL NAME | |
| Personal name | Rice, Alison. |
| Relator term | (j.a.) |
| 9 (RLIN) | 201069 |
| 920 ## - Programme | |
| Programme | LAC : LC0856. This item is reserved for lecturers of the Language Centre. |
| Withdrawn status | Lost status | Source of classification or shelving scheme | Damaged status | Not for loan | Home library | Current library | Date acquired | Total Checkouts | Barcode | Date last seen | Date last checked out | Copy number | Uniform Resource Identifier | Koha item type | Public note |
|---|---|---|---|---|---|---|---|---|---|---|---|---|---|---|---|
| Dewey Decimal Classification | Taylor's Library-TU | Taylor's Library-TU | 04/03/2009 | 3 | 5000058903 | 05/12/2019 | 20/04/2010 | 1 | Floor 4, Shelf 14 , Side 1, TierNo 3, BayNo 5 | Main Collection | SLASx,13004,01,GR |